Fisonomía del español y de las lenguas modernas / (Record no. 50018)

MARC details
000 -LEADER
campo de control de longitud fija 00463nam a2200157 i 4500
001 - NÚMERO DE CONTROL
campo de control 50018
003 - IDENTIFICADOR DE NÚMERO DE CONTROL
campo de control ES-MaACL
007 - CAMPO FIJO DE DESCRIPCIÓN FÍSICA--INFORMACIÓN GENERAL
campo de control de longitud fija t|
008 - DATOS DE LONGITUD FIJA--INFORMACIÓN GENERAL
campo de control de longitud fija 030728s1972 sp ||||1| spa d
100 1# - ENTRADA PRINCIPAL--NOMBRE DE PERSONA
Nombre de persona Criado de Val, Manuel.
9 (RLIN) 41605
245 10 - MENCIÓN DEL TÍTULO
Título Fisonomía del español y de las lenguas modernas /
Mención de responsabilidad, etc. M. Criado de Val.
260 ## - PUBLICACIÓN, DISTRIBUCIÓN, ETC.
Lugar de publicación, distribución, etc. Madrid :
Nombre del editor, distribuidor, etc. S.A.E.T.A.,
Fecha de publicación, distribución, etc. 1972.
300 ## - DESCRIPCIÓN FÍSICA
Extensión 328 p. ;
Dimensiones 25 cm.
852 ## - LOCALIZACIÓN
Ubicación ES-MaACL
Número de control de estantería E-7496
Sublocalización o colección R.91775
852 ## - LOCALIZACIÓN
Ubicación ES-MaACL
Número de control de estantería E-7604
Sublocalización o colección R.92043
Holdings
Estatus retirado Estado de pérdida Estado de daño No para préstamo Biblioteca de origen Biblioteca actual Ubicación en estantería Fecha de adquisición Fuente de adquisición Total de préstamos Signatura topográfica completa Código de barras Visto por última vez Precio de reemplazo Tipo de ítem Koha
        Biblioteca del Ateneo de Madrid Biblioteca del Ateneo de Madrid Depósito 2 17/01/2008     E-7496 1052619 23/02/2023 23/02/2023 Libro impreso
        Biblioteca del Ateneo de Madrid Biblioteca del Ateneo de Madrid Depósito 2 17/01/2008     E-7604 1052620 23/02/2023 23/02/2023 Libro impreso